[Event "OP-2021-0-05135"]
[Site "LSS email"]
[Date "2021.05.02"]
[Round "?"]
[White "Zocchia, Luciano"]
[Black "Koureas, Panicos"]
[Result "1-0"]
[WhiteElo "1463"]
[BlackElo "1365"]
[PlyCount "27"]
[EventDate "2021.04.25"]
[EventType "tourn (corr)"]
[EventRounds "4"]
[EventCountry "GER"]
[SourceTitle "Corr 2024"]
[Source "ChessBase"]
[SourceDate "2023.10.19"]
[SourceVersion "1"]
[SourceVersionDate "2023.10.19"]
[SourceQuality "1"]

1. e4 c5 2. Nf3 d6 3. Nc3 Nc6 4. d4 cxd4 5. Nxd4 g6 6. Nd5 Bg7 7. Nb5 Qa5+ 8. Bd2 Qa4 9. f3 Bxb2 10. Nbc7+ Kf8 11. Rb1 Qxa2 12. Nxa8 Be5 13. Nac7 e6 14. Nc3 1-0

[Event "Robecchetto op-B 26th"]
[Site "Robecchetto"]
[Date "2015.07.26"]
[Round "5"]
[White "Panigoni, Giuseppe"]
[Black "Koureas, Panicos"]
[Result "0-1"]
[WhiteElo "1722"]
[BlackElo "1429"]
[PlyCount "114"]
[EventDate "2015.07.24"]
[EventType "swiss"]
[EventRounds "5"]
[EventCountry "ITA"]
[SourceTitle "EXT 2023"]
[Source "ChessBase"]
[SourceDate "2022.10.05"]
[SourceVersion "1"]
[SourceVersionDate "2022.10.05"]
[SourceQuality "1"]

1. e4 e5 2. Nf3 Nc6 3. Bb5 d6 4. d4 exd4 5. Nxd4 Bd7 6. Nxc6 bxc6 7. Bd3 g6 8. Nd2 Bg7 9. Nf3 h6 10. 0-0 Nf6 11. Be3 0-0 12. h3 Re8 13. Nd2 c5 14. c3 Rb8 15. Rb1 Bc6 16. f3 Nd7 17. Re1 Ne5 18. Bc2 a5 19. Nf1 Qf6 20. Nh2 h5 21. Ba4 Bxa4 22. Qxa4 Nd3 23. Re2 Nf4 24. Rd2 Bh6 25. Re1 Qg5 26. Kh1 Qe5 27. Nf1 g5 28. Bg1 g4 29. hxg4 Qg5 30. g3 Ng6 31. Rd5 Re5 32. Be3 Qf6 33. Nd2 Bxe3 34. Rxe3 Rxb2 35. Nc4 Rb1+ 36. Kg2 Rxd5 37. exd5 hxg4 38. f4 Qh8 39. Qe8+ Nf8 40. Re1 Qh3+ 41. Kf2 Qh2+ 42. Kf1 Qh1+ 43. Kf2 Qf3+ 44. Kg1 Qxg3+ 45. Kf1 Qxf4+ 46. Kg1 Rxe1+ 47. Qxe1 Qxc4 48. Qd2 Qe4 49. Qg5+ Qg6 50. Qe3 g3 51. Qd2 Qb1+ 52. Kg2 Qg6 53. c4 f5 54. Qf4 a4 55. Qh4 a3 56. Qxg3 Qxg3+ 57. Kxg3 Kf7 0-1

[Event "Robecchetto op-B 26th"]
[Site "Robecchetto"]
[Date "2015.07.25"]
[Round "3"]
[White "Marchesotti, Giovanni"]
[Black "Koureas, Panicos"]
[Result "1/2-1/2"]
[WhiteElo "1556"]
[BlackElo "1429"]
[PlyCount "31"]
[EventDate "2015.07.24"]
[EventType "swiss"]
[EventRounds "5"]
[EventCountry "ITA"]
[SourceTitle "EXT 2023"]
[Source "ChessBase"]
[SourceDate "2022.10.05"]
[SourceVersion "1"]
[SourceVersionDate "2022.10.05"]
[SourceQuality "1"]

1. c4 e6 2. g3 Nf6 3. Bg2 d5 4. cxd5 exd5 5. Nf3 Be7 6. d4 h6 7. 0-0 Bf5 8. Nc3 c6 9. Nd2 0-0 10. e4 dxe4 11. Ndxe4 Nbd7 12. Bf4 Nxe4 13. Nxe4 Nf6 14. Nxf6+ Bxf6 15. Be5 Re8 16. Re1 1/2-1/2

[Event "Robecchetto Primavera op 12th"]
[Site "Robecchetto"]
[Date "2015.04.23"]
[Round "4"]
[White "Cecchini, Massimo S"]
[Black "Koureas, Panicos"]
[Result "1-0"]
[WhiteElo "1757"]
[BlackElo "1470"]
[PlyCount "73"]
[EventDate "2015.04.02"]
[EventType "swiss"]
[EventRounds "7"]
[EventCountry "ITA"]
[SourceTitle "EXT 2017"]
[Source "ChessBase"]
[SourceDate "2016.10.25"]
[SourceVersion "1"]
[SourceVersionDate "2016.10.25"]
[SourceQuality "1"]

1. d4 Nf6 2. Nf3 d6 3. c4 Nbd7 4. Nc3 e5 5. Bg5 Be7 6. e4 c6 7. Be2 Ng8 8. Be3 Ndf6 9. dxe5 Ng4 10. Bc1 Nxe5 11. 0-0 Bg4 12. b3 Bxf3 13. Bxf3 Bg5 14. Bb2 Qf6 15. Be2 Qh6 16. Bf3 Rd8 17. Qe2 Ne7 18. Rad1 Qf6 19. Bg4 N7g6 20. g3 0-0 21. Na4 b5 22. cxb5 cxb5 23. Nc3 Nxg4 24. Qxg4 h5 25. Qe2 Qe6 26. Nxb5 Rd7 27. Nd4 Qe8 28. Nf5 d5 29. Nxg7 Qxe4 30. Qxe4 dxe4 31. Rxd7 e3 32. fxe3 Bxe3+ 33. Kg2 Bh6 34. Nxh5 f5 35. Rfd1 Bg5 36. Rg7+ Kh8 37. Rxg6+ 1-0

[Event "Robecchetto Autunn op 11th"]
[Site "Robecchetto"]
[Date "2014.11.06"]
[Round "5"]
[White "Koureas, Panicos"]
[Black "Giusti, Francesco"]
[Result "0-1"]
[WhiteElo "1431"]
[BlackElo "1559"]
[PlyCount "80"]
[EventDate "2014.10.09"]
[EventType "swiss"]
[EventRounds "7"]
[EventCountry "ITA"]
[SourceTitle "EXT 2016"]
[Source "ChessBase"]
[SourceDate "2015.10.08"]
[SourceVersion "1"]
[SourceVersionDate "2015.10.08"]
[SourceQuality "1"]

1. e4 e5 2. Nf3 Nc6 3. d4 exd4 4. Bc4 Qf6 5. 0-0 h6 6. e5 Qe7 7. Re1 g6 8. Nxd4 Nxd4 9. Qxd4 Bg7 10. Nc3 c6 11. Bf4 b5 12. Bb3 Bb7 13. Rad1 Qd8 14. Ne4 d5 15. Nc5 Bc8 16. Bg3 Ne7 17. Qd3 Qb6 18. Qc3 b4 19. Qe3 Nf5 20. Na4 Qxe3 21. fxe3 Nxg3 22. hxg3 Bxe5 23. c4 Bxg3 24. Re2 Bg4 25. Red2 Bxd1 26. Rxd1 dxc4 27. Bxc4 0-0 28. Nc5 Rfd8 29. Rf1 Rf8 30. Rf3 Bh4 31. Nd7 a5 32. Ne5 Kg7 33. Nxc6 Bf6 34. b3 g5 35. e4 Rfe8 36. Bd5 Ra6 37. e5 Bxe5 38. Rxf7+ Kg6 39. Rd7 Bg3 40. Bf3 Re1# 0-1

[Event "Robecchetto Autunn op 11th"]
[Site "Robecchetto"]
[Date "2014.10.30"]
[Round "4"]
[White "Redamante, Marzio"]
[Black "Koureas, Panicos"]
[Result "0-1"]
[WhiteElo "1541"]
[BlackElo "1431"]
[PlyCount "82"]
[EventDate "2014.10.09"]
[EventType "swiss"]
[EventRounds "7"]
[EventCountry "ITA"]
[SourceTitle "EXT 2016"]
[Source "ChessBase"]
[SourceDate "2015.10.08"]
[SourceVersion "1"]
[SourceVersionDate "2015.10.08"]
[SourceQuality "1"]

1. c4 e5 2. d3 Nc6 3. g3 f5 4. Bg2 Nf6 5. Nc3 Bb4 6. Bd2 d6 7. Qa4 Bd7 8. a3 Nd4 9. Qd1 Bxc3 10. Bxc3 Rb8 11. e3 Qe7 12. Ne2 Nc6 13. b4 0-0 14. 0-0 e4 15. dxe4 Nxe4 16. Bb2 Qf7 17. Qc2 Ne5 18. Bxe5 dxe5 19. Bxe4 fxe4 20. Nc1 Bh3 21. f4 Bxf1 22. Kxf1 exf4 23. exf4 e3 24. Ne2 Rbd8 25. c5 Qd7 26. Qe4 Rde8 27. Qxb7 Qh3+ 28. Qg2 Qf5 29. Rd1 Rd8 30. Nd4 Qg4 31. Rd3 Rfe8 32. Qe2 Qh3+ 33. Ke1 h5 34. Rxe3 Rxe3 35. Qxe3 Qxh2 36. Qe6+ Kf8 37. Qf5+ Kg8 38. Qe6+ Kh8 39. Qc4 Qg1+ 40. Kd2 Rxd4+ 41. Qxd4 Qxd4+ 0-1

[Event "Robecchetto Spring 11th B"]
[Site "Robecchetto"]
[Date "2014.05.29"]
[Round "5"]
[White "Vanzini, Mario"]
[Black "Koureas, Panicos"]
[Result "1-0"]
[WhiteElo "1422"]
[BlackElo "1438"]
[PlyCount "133"]
[EventDate "2014.04.10"]
[EventType "swiss"]
[EventRounds "9"]
[EventCountry "ITA"]
[SourceTitle "EXT 2024"]
[Source "ChessBase"]
[SourceDate "2023.10.10"]
[SourceVersion "1"]
[SourceVersionDate "2023.10.10"]
[SourceQuality "1"]

1. d4 d6 2. c4 Nf6 3. Nc3 c6 4. Bg5 e6 5. e4 Be7 6. Bd3 Qa5 7. Bd2 Qb6 8. Nf3 Nbd7 9. b3 e5 10. d5 Nc5 11. Bc2 Bg4 12. Be3 Qb4 13. Bd2 Qb6 14. 0-0 Qc7 15. b4 Ncd7 16. Bd3 c5 17. b5 Nb6 18. Be2 0-0 19. a4 Bxf3 20. Bxf3 Nxc4 21. Be1 Nd7 22. Rb1 b6 23. Qd3 Na5 24. Ne2 c4 25. Qc2 Rac8 26. Bc3 Nf6 27. Ng3 g6 28. Qd2 Qd7 29. Qh6 Ng4 30. Qd2 Nb3 31. Qd1 Nf6 32. h4 Kg7 33. h5 Ng8 34. hxg6 Qe8 35. gxh7 Nh6 36. Nf5+ Nxf5 37. exf5 Rh8 38. Be4 Bf6 39. Qg4+ Kf8 40. Qh5 Ke7 41. g4 Qf8 42. Kh1 Qg7 43. g5 Qxg5 44. Qxg5 Rxh7+ 45. Kg2 Bxg5 46. f6+ Bxf6 47. Bxh7 Rh8 48. Rh1 Bg5 49. Bc2 Rg8 50. Kf3 Nc5 51. Rbe1 Bf6 52. Bb4 Nb3 53. Bxb3 cxb3 54. Rb1 Rc8 55. Rxb3 Rc4 56. a5 e4+ 57. Kg2 Bd4 58. Rh4 Bf6 59. Rg4 Rd4 60. Bc3 Rxd5 61. Bxf6+ Kxf6 62. Rxe4 bxa5 63. Ra4 Rg5+ 64. Kf1 Rc5 65. Rxa5 Ke7 66. Rxa7+ Ke6 67. b6 1-0

[Event "Robecchetto op-C 24th"]
[Site "Robecchetto"]
[Date "2013.12.28"]
[Round "3"]
[White "Milazzo, Gianluca"]
[Black "Koureas, Panicos"]
[Result "0-1"]
[WhiteElo "1485"]
[BlackElo "1418"]
[PlyCount "100"]
[EventDate "2013.12.27"]
[EventType "swiss"]
[EventRounds "6"]
[EventCountry "ITA"]
[SourceTitle "EXT 2023"]
[Source "ChessBase"]
[SourceDate "2022.10.05"]
[SourceVersion "1"]
[SourceVersionDate "2022.10.05"]
[SourceQuality "1"]

1. c4 Nf6 2. Nf3 d6 3. g3 g6 4. Bg2 Bg7 5. Nc3 0-0 6. 0-0 e5 7. d3 Nbd7 8. Rb1 Re8 9. Ne1 Nc5 10. b4 Ne6 11. Bd2 c6 12. b5 Bd7 13. Nc2 Rb8 14. Nb4 c5 15. Nbd5 b6 16. f4 exf4 17. Nxf4 Ng4 18. Nfd5 Nc7 19. e4 Bd4+ 20. Kh1 Nxd5 21. Nxd5 Nf2+ 22. Rxf2 Bxf2 23. Qf3 Bd4 24. Rf1 Be6 25. Nf4 Qf6 26. Qe2 Qg7 27. h4 f5 28. Qf3 fxe4 29. dxe4 Bxc4 30. Rb1 Be5 31. a3 Rf8 32. Qg4 Bxf4 33. Bxf4 Rbd8 34. a4 h5 35. Qd1 Qd4 36. Qf3 Be6 37. Rd1 Qxa4 38. Qc3 Qxd1+ 39. Kh2 Qd4 40. Qe1 Bg4 41. Qc1 Qb4 42. Bh6 Rf2 43. Qa1 Rb2 44. Bc1 Rxg2+ 45. Kxg2 Qxe4+ 46. Kg1 Qe1+ 47. Kg2 Rf8 48. Qb2 Qf1+ 49. Kh2 Qh3+ 50. Kg1 Rf1# 0-1

[Event "Robecchetto op-C 24th"]
[Site "Robecchetto"]
[Date "2013.12.27"]
[Round "1"]
[White "Repossi, Luca"]
[Black "Koureas, Panicos"]
[Result "0-1"]
[WhiteElo "1595"]
[BlackElo "1418"]
[PlyCount "76"]
[EventDate "2013.12.27"]
[EventType "swiss"]
[EventRounds "6"]
[EventCountry "ITA"]
[SourceTitle "EXT 2023"]
[Source "ChessBase"]
[SourceDate "2022.10.05"]
[SourceVersion "1"]
[SourceVersionDate "2022.10.05"]
[SourceQuality "1"]

1. e4 e5 2. Bc4 Nc6 3. Nf3 Nf6 4. d3 Bc5 5. 0-0 0-0 6. Nc3 d6 7. Na4 Bg4 8. Nxc5 dxc5 9. c3 Na5 10. Bb5 a6 11. Ba4 b5 12. Bc2 Qd6 13. h3 Bh5 14. a3 Nb7 15. Be3 Rad8 16. Qe2 h6 17. Kh1 Nh7 18. Rg1 f5 19. exf5 Qf6 20. g4 Be8 21. Nh4 Qxh4 22. Kh2 Ng5 23. Bxg5 Qxg5 24. Qxe5 Qf6 25. Qxc7 Qd6+ 26. Qxd6 Nxd6 27. Rae1 Nf7 28. Re6 Ng5 29. Re3 Bc6 30. Rd1 Rde8 31. Rxe8 Rxe8 32. Kg3 Bd5 33. h4 Nh7 34. c4 Bc6 35. d4 cxd4 36. Rxd4 Re2 37. Bb3 Rxb2 38. cxb5+ Rxb3+ 0-1

[Event "Robecchetto Spring op 10th"]
[Site "Robecchetto"]
[Date "2013.05.20"]
[Round "7"]
[White "Sigismondi, Piero"]
[Black "Koureas, Panicos"]
[Result "1-0"]
[WhiteElo "1464"]
[BlackElo "1421"]
[PlyCount "73"]
[EventDate "2013.04.04"]
[EventType "swiss"]
[EventRounds "7"]
[EventCountry "ITA"]
[SourceTitle "EXT 2024"]
[Source "ChessBase"]
[SourceDate "2023.10.10"]
[SourceVersion "1"]
[SourceVersionDate "2023.10.10"]
[SourceQuality "1"]

1. d4 Nf6 2. Nf3 g6 3. Nc3 Bg7 4. e4 d6 5. Bf4 Nbd7 6. Qd2 0-0 7. 0-0-0 Qe8 8. e5 Ng4 9. h3 dxe5 10. dxe5 Ngxe5 11. Nxe5 Nxe5 12. Bh6 Qd7 13. Qf4 Bxh6 14. Qxh6 Qf5 15. f4 Nc6 16. g4 Qa5 17. Rd5 Qb6 18. f5 Nb4 19. Rb5 Qd6 20. fxg6 fxg6 21. Bc4+ Be6 22. Bxe6+ Qxe6 23. Rxb4 Rf2 24. Re4 Qf6 25. Qe3 Rf3 26. Nd5 Rf1+ 27. Rxf1 Qxf1+ 28. Kd2 Rd8 29. Rd4 Qg2+ 30. Kc3 Rxd5 31. Qe6+ Kf8 32. Qxd5 Qg3+ 33. Rd3 Qe1+ 34. Kb3 c6 35. Qd8+ Kf7 36. Rf3+ Kg7 37. Qf8# 1-0

[Event "Robecchetto Spring op 10th"]
[Site "Robecchetto"]
[Date "2013.04.15"]
[Round "3"]
[White "Redamante, Marzio"]
[Black "Koureas, Panicos"]
[Result "0-1"]
[WhiteElo "1545"]
[BlackElo "1421"]
[PlyCount "92"]
[EventDate "2013.04.04"]
[EventType "swiss"]
[EventRounds "7"]
[EventCountry "ITA"]
[SourceTitle "EXT 2024"]
[Source "ChessBase"]
[SourceDate "2023.10.10"]
[SourceVersion "1"]
[SourceVersionDate "2023.10.10"]
[SourceQuality "1"]

1. c4 e5 2. g3 Nc6 3. Nc3 f5 4. d3 Nf6 5. Bg2 Bb4 6. a3 Bxc3+ 7. bxc3 d6 8. Rb1 0-0 9. Bg5 Qe8 10. Bd2 b6 11. e3 Rb8 12. Ne2 Bb7 13. 0-0 Qh5 14. h3 Ne7 15. f3 Rbd8 16. d4 Ba6 17. Qa4 Bb7 18. Qxa7 Rb8 19. Qa4 Ra8 20. Qb3 Kh8 21. c5 Ba6 22. cxd6 cxd6 23. c4 Qf7 24. d5 Nd7 25. Nc3 Nc8 26. e4 Nc5 27. Qb4 Nd3 28. Qb3 Qg6 29. Nb5 Nc5 30. Qc2 Bxb5 31. cxb5 Ne7 32. g4 f4 33. Ra1 Rfc8 34. Qb2 Qf7 35. Qa2 Ng6 36. Be1 Nd3 37. Bf2 Qc7 38. Qb3 Nxf2 39. Rxf2 Qc5 40. Bf1 Nh4 41. Be2 Rc7 42. a4 Rac8 43. Kf1 Ra7 44. Bd1 Qd4 45. Ke1 Qxa1 46. Rd2 Rc3 0-1

[Event "Hampstead op U2200 02"]
[Site "Hampstead"]
[Date "2013.02.17"]
[Round "4"]
[White "Koureas, Panicos"]
[Black "Batkin, Cyril"]
[Result "0-1"]
[WhiteElo "1437"]
[BlackElo "1793"]
[PlyCount "66"]
[EventDate "2013.02.16"]
[EventType "swiss"]
[EventRounds "5"]
[EventCountry "ENG"]
[SourceTitle "EXT 2014"]
[Source "ChessBase"]
[SourceDate "2013.11.20"]
[SourceVersion "1"]
[SourceVersionDate "2013.11.20"]
[SourceQuality "1"]

1. e4 c5 2. Nc3 e6 3. f4 Nc6 4. Nf3 Qc7 5. g3 a6 6. d3 b5 7. a3 d6 8. Bg2 Bb7 9. 0-0 Nf6 10. f5 e5 11. Bg5 Be7 12. Qd2 Nd4 13. Bxf6 Bxf6 14. Nxd4 cxd4 15. Nd5 Bxd5 16. exd5 0-0 17. Rae1 Rfc8 18. Rf2 Qe7 19. Re4 Bg5 20. Qe2 Be3 21. Rxe3 dxe3 22. Qxe3 Qa7 23. Qd2 Rc7 24. c3 Rac8 25. Qg5 f6 26. Qg4 Qe3 27. h4 Qxd3 28. Rf3 Qd1+ 29. Kh2 Rc4 30. Qh3 e4 31. Rf1 Qd2 32. h5 h6 33. Rf4 e3 0-1

[Event "Robecchetto Spring op 9th"]
[Site "Robecchetto"]
[Date "2012.05.03"]
[Round "4"]
[White "Koureas, Panicos"]
[Black "Merlotti, Marco"]
[Result "0-1"]
[WhiteElo "1393"]
[BlackElo "1734"]
[PlyCount "80"]
[EventDate "2012.04.12"]
[EventType "swiss"]
[EventRounds "7"]
[EventCountry "ITA"]
[SourceTitle "EXT 2024"]
[Source "ChessBase"]
[SourceDate "2023.10.10"]
[SourceVersion "1"]
[SourceVersionDate "2023.10.10"]
[SourceQuality "1"]

1. e4 e5 2. Nf3 Nc6 3. d4 exd4 4. Bc4 Bc5 5. c3 Nf6 6. cxd4 Bb4+ 7. Nbd2 Nxe4 8. 0-0 Nxd2 9. Bxd2 Bxd2 10. Qxd2 0-0 11. Rad1 d5 12. Bb5 Ne7 13. h3 c6 14. Ba4 Bf5 15. Rfe1 Re8 16. Bc2 Bxc2 17. Qxc2 Ng6 18. Rxe8+ Qxe8 19. Re1 Qd7 20. Ne5 Nxe5 21. Rxe5 Re8 22. Qe2 Re6 23. Qg4 Qe7 24. Qf4 Rxe5 25. dxe5 h6 26. Qd4 b6 27. f4 Qc5 28. Qxc5 bxc5 29. Kf1 f6 30. exf6 g5 31. f5 Kf7 32. g4 c4 33. Ke2 d4 34. Kf3 Kxf6 35. Ke4 c5 36. b4 d3 37. Ke3 cxb4 38. Kd2 a5 39. Kc1 a4 40. Kd2 a3 0-1

[Event "Robecchetto Spring op 9th"]
[Site "Robecchetto"]
[Date "2012.04.26"]
[Round "3"]
[White "Angalone, Ruggero"]
[Black "Koureas, Panicos"]
[Result "0-1"]
[WhiteElo "1566"]
[BlackElo "1393"]
[PlyCount "64"]
[EventDate "2012.04.12"]
[EventType "swiss"]
[EventRounds "7"]
[EventCountry "ITA"]
[SourceTitle "EXT 2024"]
[Source "ChessBase"]
[SourceDate "2023.10.10"]
[SourceVersion "1"]
[SourceVersionDate "2023.10.10"]
[SourceQuality "1"]

1. c4 Nf6 2. d3 d6 3. g3 g6 4. b3 Bg7 5. Bb2 Nbd7 6. Bg2 0-0 7. Nf3 e5 8. 0-0 Qe7 9. Nbd2 c6 10. e3 Nc5 11. Qc2 Bg4 12. d4 Ncd7 13. dxe5 Nxe5 14. Nxe5 dxe5 15. f3 Bc8 16. f4 Ng4 17. Rfe1 Qc5 18. Qc3 Qe7 19. h3 Nh6 20. g4 f6 21. a4 Rb8 22. Ba3 c5 23. Qa5 b6 24. Qc3 Bb7 25. Bxb7 Rxb7 26. fxe5 fxe5 27. e4 Qh4 28. Rf1 Rbf7 29. Qd3 Rd8 30. Qe3 Rfd7 31. Rad1 Rd3 32. Nf3 Qg3+ 0-1